| Поле | Название | Значение |
| |
Тип записи |
a |
| |
Библиографический уровень |
m |
| 001 |
Контрольный номер |
LIBNET\0000978127 |
| 005 |
Дата корректировки |
20230707133311.7 |
| 010 |
Индекс ISBN |
__ |
| a |
ISBN |
978-5-04-094228-2 |
| b |
Уточнения |
в пер. |
| 9 |
Тираж |
3000 |
| d |
Цена |
401-72 |
| 100 |
Данные общей обработки |
__ |
| a |
Данные общей обработки |
20190328d2019####m##y0rusy0189 ca |
| 101 |
Язык документа |
0_ |
| a |
Язык текста |
rus |
| 102 |
Страна публикации |
__ |
| a |
Страна публикации |
RU |
| 105 |
Кодированные данные (монография) |
__ |
| a |
Кодированные данные (монография) |
y###z###|||a| |
| 200 |
Заглавие и сведения об ответственности |
1_ |
| a |
Заглавие |
Назад к тебе |
| e |
Сведения, относящиеся к заглавию |
роман |
| f |
Первые сведения об ответственности |
Сара Джио |
| g |
Последующие сведения об ответственности |
[пер. с англ. И. Гиляровой] |
| 210 |
Выходные данные |
1_ |
| a |
Место издания |
Москва |
| c |
Издательство |
Эксмо |
| d |
Дата издания |
2019 |
| 215 |
Физическое описание |
__ |
| a |
Объем |
315, [3] с. |
| d |
Формат |
19 |
| 225 |
Серия (Журнальная рубрика) |
1_ |
| a |
Серия (Журнальная рубрика) |
Зарубежный романтический бестселлер |
| 300 |
Общие примечания |
__ |
| a |
Общие примечания |
На обл.: Международный бестселлер № 1 по версии New Jork Times |
| 320 |
Библиография |
__ |
| a |
Библиография |
Др. кн. авт.: с. 2 |
| 333 |
Примечание о целевом назначении |
__ |
| a |
Примечание о целевом назначении |
16+ |
| 606 |
Тематические рубрики |
1_ |
| 2 |
Код системы |
nlr_sh |
| 3 |
Контрольный № нормативной записи |
RU\NLR\AUTH\66177861 |
| a |
Основная рубрика |
Художественная литература |
| 606 |
Тематические рубрики |
__ |
| a |
Основная рубрика |
Литература Америки (произведения) |
| 610 |
Ключевые слова |
0_ |
| a |
Ключевые слова |
американская литература |
| a |
Ключевые слова |
романы |
| 686 |
Индексы других классификаций |
__ |
| a |
Индекс ББК |
84(7Сое)6-4 |
| 2 |
Код системы |
rubbk |
| 700 |
Автор |
_1 |
| 3 |
Контрольный № нормативной записи |
RU\NLR\AUTH\770148067 |
| a |
Фамилия |
Джио |
| b |
Имя |
С. |
| f |
Даты |
1978- |
| g |
Полное личное имя |
Сара |
| 702 |
Вторичная интеллектуальная ответственность |
_1 |
| a |
Фамилия |
Гилярова |
| b |
Имя |
И. |
| 4 |
Код отношения |
730 |
| 801 |
Источник записи |
_0 |
| a |
Страна |
RU |
| b |
Организация |
Кировская ОБДЮ |
| c |
Дата составления |
20190328 |
| g |
Правила каталогизации |
rcr |
| 801 |
Источник записи |
_1 |
| a |
Страна |
RU |
| b |
Организация |
Кировская ОБДЮ |
| c |
Дата составления |
20190328 |
| g |
Правила каталогизации |
rcr |
| 2 |
Код формата |
rusmarc |
| 801 |
Источник записи |
_2 |
| a |
Страна |
RU |
| b |
Организация |
Центральная районная библиотека им. Г. А. Пирожникова |
| 852 |
Данные о местонахождении |
__ |
| j |
Шифр хранения |
84(7Сое)6 |
| i |
Авторский знак |
Д 417 |
| 901 |
Тип документа |
__ |
| t |
Тип документа |
m |
| 902 |
Роль лиц |
__ |
| b |
Редактор БЗ |
ОКиОЛ/Струналь |